00450nam a2200205Ia 450000500170000000800460001702000180006303700100008104000080009104000080009904000080010704100080011504100080012308400080013124500090013926000260014826000090017465000120018385600490019520260306150625.0008 260114s9999 xx 000 0 eng d a9780300168709 aEbook aCRL beng cCRL 2eng aeng qCRL 0aMoon bYale University Press c2010 aPhysics uhttps://www.degruyter.com/isbn/9780300168709